|
|
|
|
| LEADER |
04574nam a22004333i 4500 |
| 001 |
EBC6753123 |
| 003 |
MiAaPQ |
| 005 |
20231204023219.0 |
| 006 |
m o d | |
| 007 |
cr cnu|||||||| |
| 008 |
231204s2020 xx o ||||0 ger d |
| 020 |
|
|
|a 9783839451809
|q (electronic bk.)
|
| 020 |
|
|
|z 9783837651805
|
| 035 |
|
|
|a (MiAaPQ)EBC6753123
|
| 035 |
|
|
|a (Au-PeEL)EBL6753123
|
| 035 |
|
|
|a (OCoLC)1163879209
|
| 040 |
|
|
|a MiAaPQ
|b eng
|e rda
|e pn
|c MiAaPQ
|d MiAaPQ
|
| 100 |
1 |
|
|a Lange, Bastian.
|
| 245 |
1 |
0 |
|a Postwachstumsgeographien :
|b Raumbezüge diverser und alternativer Ökonomien.
|
| 250 |
|
|
|a 1st ed.
|
| 264 |
|
1 |
|a Bielefeld :
|b transcript,
|c 2020.
|
| 264 |
|
4 |
|c {copy}2020.
|
| 300 |
|
|
|a 1 online resource (456 pages)
|
| 336 |
|
|
|a text
|b txt
|2 rdacontent
|
| 337 |
|
|
|a computer
|b c
|2 rdamedia
|
| 338 |
|
|
|a online resource
|b cr
|2 rdacarrier
|
| 490 |
1 |
|
|a Sozial- und Kulturgeographie ;
|v v.38
|
| 505 |
0 |
|
|a Intro -- Inhalt -- Postwachstumsgeographien Konzeptionelle und thematische Eckpunkte der Anthologie -- I. Perspektivräume -- Situierte Raumkonzepte zur Erklärung von Arbeitsprozessen im Kontext von Postwachstumsökonomien -- Räumliche Strategien für eine Postwachstumstransformation -- Arbeitszeitverkürzung in Kleinbetrieben als Postwachstumspraxis? -- Praxisbeiträge -- Das emanzipatorische Projekt »Postwachstumsökonomien« -- Degrowth A kind of pragmatic utopian thinking, re-politicising humanistic debates -- II. Möglichkeitsräume -- Wachstumsunabhängigkeit durch Soziale Innovationen? Eine Analyse potenzieller Wachstumswirkungen von Sozialen Innovationen im Schweizer Berggebiet -- Kriterien für eine postwachstumsorientierte Wohnraumentwicklung am Beispiel der Stadt Zürich -- Makerspaces Dritte Orte für eine zukunftsfähige (Postwachstums-)Gesellschaft? -- Performing gaps Vom Verhältnis zwischen Alternativen Ökonomien und städtischer Planung in Dortmund -- Stadt und Land im Fluss Zur Bedeutung von städtischen Funktionen für die Lebendigkeit ländlicher Räume und von individuellen wie systemischen Lösungen für die Umsetzung einer wachstumskritischen Lebensweise -- Praxisbeiträge -- Die Rolle von Zwischenräumen in der wachsenden Stadtregion Hamburg -- Make plastic positive again/plastic region Neue Ideen aus Offenen Werkstätten -- »Hobbyhimmel« Eine Offene Werkstatt im Kontext von Postwachstum -- Quartierhöfe als neue Orte der Teilhabe und Selbstversorgung -- III. Konflikträume -- Provincializing Degrowth Alternativen zu Entwicklung und der Globale Süden -- Postwachstum finanzieren? Grüne Finanzprodukte für veränderte Produktionslogiken -- »Beharrungsavantgarden« und »Verhinderungsinnovatoren« Denkanstöße für die geographische Postwachstumsdebatte -- Praxisbeiträge -- Zur Wachstumsfixiertheit der Europäischen Union Ein Diskussionsbeitrag.
|
| 505 |
8 |
|
|a We have a responsibility to be a bit more pragmatic -- We should continue this dialogue with the EU institutions -- IV. Gestaltungsräume -- Räumliche Transformationen: Prozess, Ziel, Leitbild? -- Eckpunkte und Positionen einer Vorsorgeorientierten Postwachstumsökonomie Vom Ende des wachsenden Wohlstandsmodells -- Neue Rollen kollektiver wachstumsunabhängiger Raumorganisation -- Das Bauhaus als Transformationsgestalter Postwachstumsansätze in Ostdeutschland nach der Wende - zwischen falschem Wachstum und ungewolltem Nichtwachstum -- Praxisbeiträge -- Postwachstumsperspektiven für die Braunkohleregion Lausitz? Chancen und Herausforderungen -- Hacking Ulm Open Data, Digital Literacy und Coding als Praxis für Freiräume in der Stadt -- Gemeinsam und ergebnisoffen Lebensräume gestalten Partizipation in der Raumentwicklung für ein Gutes Leben -- Durch künstlerische Experimente Möglichkeitsräume öffnen -- Autor*innen.
|
| 588 |
|
|
|a Description based on publisher supplied metadata and other sources.
|
| 590 |
|
|
|a Electronic reproduction. Ann Arbor, Michigan : ProQuest Ebook Central, 2023. Available via World Wide Web. Access may be limited to ProQuest Ebook Central affiliated libraries.
|
| 655 |
|
4 |
|a Electronic books.
|
| 700 |
1 |
|
|a Hülz, Martina.
|
| 700 |
1 |
|
|a Schmid, Benedikt.
|
| 700 |
1 |
|
|a Schulz, Christian.
|
| 776 |
0 |
8 |
|i Print version:
|a Lange, Bastian
|t Postwachstumsgeographien
|d Bielefeld : transcript,c2020
|z 9783837651805
|
| 797 |
2 |
|
|a ProQuest (Firm)
|
| 830 |
|
0 |
|a Sozial- und Kulturgeographie
|
| 856 |
4 |
0 |
|u https://ebookcentral.proquest.com/lib/matrademy/detail.action?docID=6753123
|z Click to View
|